000 00561nam a2200205Ia 4500
005 20250508170052.0
008 008 250505s9999 xx 000 0 eng d
020 _a978-93-87916-10-2
037 _aTextual
040 _aFEDL
_beng
_cFEDL
041 _aeng
_2eng
084 _a370.7, MEH
_qFEDL
100 _aMehrotra R N
245 0 _aOptimist's journey in teacher education
260 _aNew Delhi, India
_bV L Media Solutions
_c2019
300 _a204p.
365 _aINR
_b250
942 _cTEXL
_h370.7, MEH
999 _c1399048
_d1399048